01686nam a2200397 a 4500001001000000003000500010005001700015008004100032010001100073011001100084040000900095090001000104100004200114245020900156260004100365500006000406502006100466590004100527590003700568590004100605590004000646590004000686590004000726650002700766650002700793650002900820700003500849856001600884856007000900901000700970942001000977942000600987999001900993952014001012952013601152000109300CHAP20220329144045.0140416s2013 mx sm |||||||spa d a105762 a106734 cCHAP aTesis1 aCastillo Miramontes, Santiago912665010aMateriales de ajo (Allium sativum L.) Chilac y Zacatecas sometidos a tratamientos de frio y tamaño de semilla en Tlaxco, Tlaxcalah[En línea]cpor Santiago Castillo Miramontes y Raul García Muñoz. aChapingo, Méx. :bEl autor,c2013. aPara ver el contenido del material haga clic en la liga aTesis (Ing. Agr. Esp. en Fitotecnia) -- UACH. Fitotecnia aBATCH-UPDb10c20141002lUCH01h0901 aBATCHb00c20181121lUCH01h0759 aE11695DGDb10c20140428lUCH01h1415 aE5765TAJb05c20140416lUCH01h0947 aE5765TAJb05c20140416lUCH01h0948 aE5765TAJb05c20140421lUCH01h083614aAjoxGenética.9319114aAjoxVariedades.9321714aVernalización.91189281 aGarcía Muñoz, Raul9126651 a1 n0001430 aFinding aiduhttp://10.13.5.2/tesis/sist109300.pdfzTeclea aquí aBK cTESIS n0 c105762d105762 00102local4053708TESISaBCbBCcPA_TESISd2014-04-16fTESISl0oTesisp33724002394421r2019-12-31 00:00:00tc.2w2019-12-31yTESIS 00104054718TESISaBCbBCd2014-04-16fTESISl0oTesisp33724002395090r2019-12-31 00:00:00w2019-12-31yTESISzRecien adquirido